|
|
|
|
| LEADER |
01095cam a2200301Ia 4500 |
| 001 |
9780203309124 |
| 003 |
FlBoTFG |
| 005 |
20091230162920.0 |
| 006 |
a|||||s||||||||||| |
| 007 |
cr|||| |
| 008 |
040330s2005 enka sb 001 0 eng d |
| 020 |
|
|
|a 9780203309124 (e-book : PDF)
|
| 040 |
|
|
|a FlBoTFG
|c FlBoTFG
|d GrThAP
|
| 043 |
|
|
|a e------
|
| 090 |
|
|
|a TP577
|b .N45 2005
|
| 092 |
|
|
|a 641.23
|b N428
|
| 100 |
1 |
|
|a Nelson, Max,
|d 1972-
|
| 245 |
1 |
4 |
|a The barbarian's beverage
|h [electronic resource] :
|b a history of beer in ancient Europe /
|c Max Nelson.
|
| 260 |
|
|
|a London ;
|a New York :
|b Routledge,
|c 2005.
|
| 300 |
|
|
|a x, 213 p. :
|b ill.
|
| 504 |
|
|
|a Includes bibliographical references (p. 168-194) and index.
|
| 530 |
|
|
|a Also available in print edition.
|b CRC Press (http://www.crcpress.com)
|
| 538 |
|
|
|a Mode of access: World Wide Web.
|
| 650 |
|
0 |
|a Beer
|z Europe
|x History
|y To 1500.
|
| 650 |
|
0 |
|a Brewing industry
|z Europe
|x History
|y To 1500.
|
| 655 |
|
7 |
|a Electronic books.
|2 lcsh
|
| 776 |
1 |
|
|z 9780415311212
|
| 856 |
4 |
0 |
|u http://www.tandfebooks.com/isbn/9780203309124
|z Full Text via HEAL-Link
|